| 000 | 00000nas 2200000za 4500 |
| 001 | 9.826554 |
| 003 | CaOODSP |
| 005 | 20221107144619 |
| 007 | cr ||||||||||| |
| 008 | 161028d20142018oncar p o||||f0 b0fre|d |
| 040 | |aCaOODSP|bfre |
| 043 | |an-cn--- |
| 086 | 1 |aDG2-5F-PDF |
| 110 | 1 |aCanada. |bComité externe d'examen des griefs militaires. |
| 245 | 10|aRapports annuel [i.e. annuels] de ... sur la Loi sur l'accès à l'information et sur la Loi sur la protection des renseignements personnels |h[ressource électronique]. |
| 260 | |a[Ottawa] : |bComité externe d'examen des griefs militaires |
| 310 | |aAnnuel |
| 362 | 1 |aParaît depuis 2014/2015; ne paraît plus après 2017-2018. |
| 500 | |aPubl. aussi en anglais sous le titre : ... annual reports on the Access to Information Act and the Privacy Act. |
| 515 | |aLes. livr. de 2016-2017-2017-2018 disponibles en formats HTML seulement. |
| 692 | 07|2gccst|aPersonnel militaire |
| 692 | 07|2gccst|aPlainte |
| 692 | 07|2gccst|aAccès à l’information |
| 692 | 07|2gccst|aVie privée |
| 775 | 08|t.... annual reports on the Access to Information Act and the Privacy Act |w(CaOODSP)9.826551 |
| 785 | 00|tRapport annuel de ... sur la Loi sur l'accès à l'information.|w(CaOODSP)9.903548 |
| 785 | 00|tRapport annuel de ... sur la Loi sur la protection des renseignements personnels.|w(CaOODSP)9.903554 |
| 856 | 40|qHTML|sS.O.|uhttps://www.canada.ca/fr/externe-examen-griefs-militaires/organisation/rapports-annuel-loi-acces-information-loi-protection-renseignements-personnels.html |